书目信息 |
| 题名: |
人物画技法教程
|
|
| 作者: | 陈岫岚 | |
| 分册: | ||
| 出版信息: | 天津 天津人民美术出版社 |
|
| 页数: | 48页 | |
| 开本: | 20cm | |
| 丛书名: | ||
| 单 册: | ||
| 中图分类: | J21-5 | |
| 科图分类: | ||
| 主题词: | 绘画--技法(美术) | |
| 电子资源: | ||
| ISBN: | 7-5305-1476-8 | |
| 000 | 00536nam0 2200193 450 | |
| 001 | 1574179850 | |
| 005 | 20150131185347.43 | |
| 010 | @a7-5305-1476-8@dCNY20.00 | |
| 100 | @a20150130d km y0chiy0120 ea | |
| 101 | 0 | @achi |
| 102 | @aCN@b120000 | |
| 200 | 1 | @a人物画技法教程@Aren wu hua ji fa jiao cheng@f陈岫岚@Fchen xiu lan |
| 210 | @a天津@c天津人民美术出版社 | |
| 215 | @a48页@d20cm | |
| 606 | 0 | @a绘画@x技法(美术) |
| 690 | @aJ21-5@v4 | |
| 701 | 0 | @a陈岫岚@Achen xiu lan |
| 801 | 0 | @aCN@bTSSF@c20150131 |
| 905 | @aZUCC@dJ21-5@eJY164 | |
| 人物画技法教程/陈岫岚.-天津:天津人民美术出版社 |
| 48页;20cm |
| ISBN 7-5305-1476-8:CNY20.00 |
| ● |
| 相关链接 |
|
|
|
|
正题名:人物画技法教程
索取号:J21-5/JY164
 
预约/预借
| 序号 | 登录号 | 条形码 | 馆藏地/架位号 | 状态 | 备注 |
| 1 | 7862997 | 278629977 | 学院路分馆/ [索取号:J21-5/JY164] | 在馆 | |
| 2 | 7862998 | 278629986 | 学院路分馆/ [索取号:J21-5/JY164] | 在馆 | |
| 3 | 7862999 | 278629995 | 学院路分馆/ [索取号:J21-5/JY164] | 在馆 | |
| 4 | 7863000 | 278630000 | 学院路分馆/ [索取号:J21-5/JY164] | 在馆 |